[Event "Iranian Men Championship Final 1399"]
[Site "Tehran"]
[Date "2021.04.07"]
[Round "5"]
[Board "4"]
[White "Nikookar, Mahdi"]
[Black "Atakhan, Abtin"]
[Result "1/2-1/2"]
[WhiteElo "2239"]
[BlackElo "2294"]
[PlyCount "0"]
[EventDate "2021.04.05"]
[EventRounds "15"]
[EventCountry "IRI"]

1. d4 {[%clk 1:29:37]} Nf6 {[%clk 1:29:20]} 2. c4 {[%clk 1:28:28]} g6
{[%clk 1:28:00]} 3. Nc3 {[%clk 1:28:52]} d5 {[%clk 1:28:21]} 4. cxd5
{[%clk 1:29:16]} Nxd5 {[%clk 1:28:48]} 5. e4 {[%clk 1:29:35]} Nxc3
{[%clk 1:29:08]} 6. bxc3 {[%clk 1:30:03]} Bg7 {[%clk 1:29:30]} 7. Nf3
{[%clk 1:30:27]} c5 {[%clk 1:29:53]} 8. Rb1 {[%clk 1:30:52]} O-O {[%clk 1:29:32]}
9. Be2 {[%clk 1:31:17]} Nd7 {[%clk 1:28:12]} 10. O-O {[%clk 1:30:48]} b6
{[%clk 1:28:37]} 11. h4 {[%clk 1:28:22]} Bb7 {[%clk 1:28:50]} 12. d5
{[%clk 1:28:45]} Ne5 {[%clk 1:26:32]} 13. c4 {[%clk 1:27:08]} e6 {[%clk 1:21:51]}
14. h5 {[%clk 1:26:13]} exd5 {[%clk 1:21:34]} 15. cxd5 {[%clk 1:23:00]} Nxf3+
{[%clk 1:17:49]} 16. Bxf3 {[%clk 1:23:28]} Qd6 {[%clk 1:16:02]} 17. hxg6
{[%clk 1:20:53]} hxg6 {[%clk 1:16:21]} 18. Qd2 {[%clk 1:20:58]} Rad8
{[%clk 1:12:52]} 19. Qg5 {[%clk 1:20:27]} Be5 {[%clk 1:08:34]} 20. Bg4
{[%clk 1:14:54]} Rfe8 {[%clk 0:58:25]} 21. Re1 {[%clk 0:41:54]} Re7
{[%clk 0:42:26]} 22. Qh4 {[%clk 0:26:30]} Bf6 {[%clk 0:37:48]} 23. Bg5
{[%clk 0:25:45]} Bxg5 24. Qxg5 {[%clk 0:26:13]} Re5 {[%clk 0:33:22]} 25. Qh6
{[%clk 0:26:01]} Qe7 {[%clk 0:11:21]} 26. f4 {[%clk 0:19:47]} Rxe4
{[%clk 0:10:14]} 27. Be6 {[%clk 0:20:15]} Bxd5 {[%clk 0:03:53]} 28. Qxg6+
{[%clk 0:20:38]} Kf8 {[%clk 0:04:22]} 29. Qh6+ {[%clk 0:13:57]} Ke8
{[%clk 0:03:30]} 30. Qh8+ {[%clk 0:11:22]} Qf8 {[%clk 0:03:58]} 31. Bxf7+
{[%clk 0:11:33]} Kxf7 {[%clk 0:04:14]} 32. Qh5+ Kg8 {[%clk 0:03:33]} 33. Qg5+
{[%clk 0:11:55]} Kh7 {[%clk 0:01:21]} 34. Rbd1 {[%clk 0:06:06]} Rd6
{[%clk 0:00:40]} 35. Rxe4 {[%clk 0:03:15]} Bxe4 {[%clk 0:01:07]} 36. Qh5+
{[%clk 0:02:39]} Kg8 {[%clk 0:00:33]} 37. Rxd6 {[%clk 0:02:40]} Qxd6
{[%clk 0:01:02]} 38. Qe8+ {[%clk 0:02:58]} Kg7 {[%clk 0:01:28]} 39. Qxe4
{[%clk 0:03:22]} Qd1+ {[%clk 0:01:33]} 40. Kf2 {[%clk 0:02:49]} Qd2+
{[%clk 0:01:52]} 41. Kg3 {[%clk 0:02:46]} Qxa2 {[%clk 0:01:48]} 42. Qe5+
{[%clk 0:03:07]} Kg8 {[%clk 0:01:35]} 43. f5 {[%clk 0:01:05]} Qf7
{[%clk 0:00:56]} 44. Kf4 {[%clk 0:00:51]} Qd7 {[%clk 0:00:51]} 45. Qb8+
{[%clk 0:00:40]} Kf7 {[%clk 0:00:50]} 46. g4 {[%clk 0:00:50]} Qd2+
{[%clk 0:00:54]} 47. Kf3 {[%clk 0:01:04]} Qd1+ {[%clk 0:00:45]} 48. Kg3
{[%clk 0:00:50]} Qe1+ {[%clk 0:00:54]} 49. Kg2 {[%clk 0:00:50]} Qe4+
{[%clk 0:00:40]} 50. Kg3 {[%clk 0:00:57]} Qe3+ {[%clk 0:01:00]} 51. Kg2
{[%clk 0:00:51]} c4 {[%clk 0:00:41]} 52. Qc7+ {[%clk 0:00:59]} Kf6
{[%clk 0:00:50]} 53. Qd8+ {[%clk 0:00:46]} Kf7 {[%clk 0:00:50]} 54. Qd5+
{[%clk 0:01:09]} Kf6 {[%clk 0:01:06]} 55. Qc6+ {[%clk 0:00:58]} Ke7
{[%clk 0:00:39]} 56. Qc7+ {[%clk 0:00:34]} Kf6 {[%clk 0:00:38]} 57. Qd8+
{[%clk 0:00:36]} Kf7 {[%clk 0:00:50]} 58. Qd5+ {[%clk 0:00:51]} Kf6
{[%clk 0:01:11]} 59. Qc6+ {[%clk 0:01:12]} Ke7 {[%clk 0:01:32]} 60. Qc7+
{[%clk 0:01:15]} Kf6 {[%clk 0:01:52]}  1/2-1/2

[Event "Iranian Men Championship Final 1399"]
[Site "Tehran"]
[Date "2021.04.07"]
[Round "5"]
[Board "5"]
[White "Mousavi, Seyed Khalil"]
[Black "Daneshvar, Bardiya"]
[Result "1-0"]
[WhiteElo "2522"]
[BlackElo "2401"]
[PlyCount "0"]
[EventDate "2021.04.05"]
[EventRounds "15"]
[EventCountry "IRI"]

1. e4 c6 {[%clk 1:30:03]} 2. d4 {[%clk 1:30:03]} d5 {[%clk 1:30:28]} 3. exd5
{[%clk 1:30:25]} cxd5 {[%clk 1:30:54]} 4. c4 {[%clk 1:30:47]} Nf6
{[%clk 1:31:11]} 5. Nc3 {[%clk 1:31:05]} Nc6 {[%clk 1:31:34]} 6. Nf3
{[%clk 1:31:26]} Bg4 {[%clk 1:31:24]} 7. cxd5 {[%clk 1:30:14]} Nxd5
{[%clk 1:31:46]} 8. h3 {[%clk 1:30:39]} Bxf3 {[%clk 1:29:50]} 9. Qxf3
{[%clk 1:30:52]} e6 {[%clk 1:29:08]} 10. Bb5 Be7 {[%clk 1:25:27]} 11. O-O
{[%clk 1:29:25]} O-O {[%clk 1:23:59]} 12. Bxc6 {[%clk 1:29:48]} bxc6
{[%clk 1:24:22]} 13. Rd1 Rb8 {[%clk 1:16:34]} 14. Na4 {[%clk 1:23:37]} Qa5 15. b3
{[%clk 1:22:50]} Nb6 {[%clk 1:06:56]} 16. Nxb6 Rxb6 {[%clk 1:05:58]} 17. Be3
{[%clk 1:17:49]} Qd5 {[%clk 1:02:31]} 18. Qe2 {[%clk 1:17:09]} a5
{[%clk 0:51:58]} 19. Rac1 {[%clk 1:04:12]} Rb4 20. Qa6 {[%clk 1:04:12]} a4 21.
bxa4 {[%clk 1:04:12]} Qxa2 22. Ra1 Qd5 23. Rdc1 {[%clk 1:04:12]} Bf6
{[%clk 0:38:28]} 24. Rab1 {[%clk 0:58:34]} Rxb1 {[%clk 0:35:03]} 25. Rxb1
{[%clk 0:58:55]} Bxd4 {[%clk 0:31:29]} 26. Bxd4 {[%clk 0:59:07]} Qxd4
{[%clk 0:31:54]} 27. Qxc6 {[%clk 0:56:29]} Qa7 28. Qb5 {[%clk 0:52:20]} h6
{[%clk 0:28:00]} 29. a5 {[%clk 0:51:09]} Ra8 30. Ra1 {[%clk 0:50:59]} Qa6
{[%clk 0:27:14]} 31. Qe5 {[%clk 0:38:38]} Rd8 {[%clk 0:23:27]} 32. h4
{[%clk 0:33:06]} Rd5 {[%clk 0:21:17]} 33. Qb8+ {[%clk 0:32:50]} Kh7
{[%clk 0:21:36]} 34. Qb1+ {[%clk 0:33:02]} g6 {[%clk 0:08:42]} 35. Qf1
{[%clk 0:31:32]} Rd6 36. Qxa6 {[%clk 0:29:04]} Rxa6 {[%clk 0:09:10]} 37. Kf1 e5
{[%clk 0:06:47]} 38. Ke2 {[%clk 0:28:32]} e4 39. Ke3 {[%clk 0:23:51]} f5
{[%clk 0:07:12]} 40. Kd4 {[%clk 0:23:45]} g5 41. h5 {[%clk 0:21:27]} Kg7
{[%clk 0:04:45]} 42. Ke5 {[%clk 0:20:18]} f4 {[%clk 0:04:52]} 43. Kxe4
{[%clk 0:20:26]} Kf6 {[%clk 0:05:15]} 44. Kd5 {[%clk 0:20:23]} Kf5
{[%clk 0:02:44]} 45. Kc5 {[%clk 0:20:05]} Kg4 {[%clk 0:03:08]} 46. Kb5
{[%clk 0:20:19]} Ra8 {[%clk 0:03:33]} 47. a6 {[%clk 0:20:14]} Kxh5
{[%clk 0:03:54]} 48. Kb6 {[%clk 0:20:22]} Kg4 {[%clk 0:04:06]} 49. Kb7
{[%clk 0:20:05]} Rg8 {[%clk 0:04:17]} 50. a7 {[%clk 0:20:28]} h5 51. a8=Q
{[%clk 0:19:43]} Rxa8 {[%clk 0:04:55]} 52. Kxa8 {[%clk 0:19:46]} h4
{[%clk 0:05:02]} 53. Ra3 {[%clk 0:19:59]} Kf5 {[%clk 0:05:20]} 54. Ra5+  1-0

[Event "Iranian Men Championship Final 1399"]
[Site "Tehran"]
[Date "2021.04.07"]
[Round "5"]
[Board "6"]
[White "Gholami Orimi, Mahdi"]
[Black "Darini, Pouria"]
[Result "1/2-1/2"]
[WhiteElo "2428"]
[BlackElo "2432"]
[PlyCount "0"]
[EventDate "2021.04.05"]
[EventRounds "15"]
[EventCountry "IRI"]

1. d4 {[%clk 1:30:58]} Nf6 {[%clk 1:28:34]} 2. c4 {[%clk 1:30:58]} g6
{[%clk 1:28:57]} 3. f3 {[%clk 1:31:24]} d5 {[%clk 1:28:47]} 4. cxd5 Nxd5
{[%clk 1:29:11]} 5. e4 {[%clk 1:32:10]} Nb6 {[%clk 1:29:35]} 6. Nc3
{[%clk 1:32:35]} Bg7 {[%clk 1:30:00]} 7. Be3 {[%clk 1:32:53]} Nc6
{[%clk 1:27:46]} 8. Bb5 {[%clk 1:32:41]} O-O {[%clk 1:28:06]} 9. Nge2
{[%clk 1:32:56]} e5 {[%clk 1:20:12]} 10. d5 {[%clk 1:33:22]} Na5 {[%clk 1:09:23]}
11. Bxb6 axb6 {[%clk 1:09:25]} 12. b4 {[%clk 1:11:17]} c6 {[%clk 1:09:27]} 13.
Bd3 {[%clk 1:11:05]} b5 {[%clk 0:57:06]} 14. bxa5 {[%clk 1:08:45]} b4
{[%clk 0:53:55]} 15. Nb1 {[%clk 0:49:21]} cxd5 {[%clk 0:54:14]} 16. O-O
{[%clk 0:42:35]} Qxa5 {[%clk 0:54:18]} 17. Nd2 {[%clk 0:42:03]} Rd8
{[%clk 0:52:41]} 18. Nc1 {[%clk 0:39:20]} Be6 {[%clk 0:44:56]} 19. Qe2
{[%clk 0:36:59]} dxe4 20. Nxe4 {[%clk 0:32:08]} Qa7+ {[%clk 0:19:07]} 21. Kh1
{[%clk 0:19:09]} b3 {[%clk 0:19:16]} 22. a4 {[%clk 0:18:39]} Rac8
{[%clk 0:15:11]} 23. Rb1 {[%clk 0:10:33]} Qxa4 {[%clk 0:15:31]} 24. Nd2
{[%clk 0:10:42]} Rc3 {[%clk 0:05:55]} 25. Ndxb3 {[%clk 0:07:01]} Qa3
{[%clk 0:01:12]} 26. Ra1 {[%clk 0:04:14]} Qe7 {[%clk 0:01:38]} 27. Nd2
{[%clk 0:03:02]} f5 {[%clk 0:01:13]} 28. Rb1 {[%clk 0:01:44]} Qc7
{[%clk 0:00:37]} 29. Bb5 {[%clk 0:00:48]} Rc2 {[%clk 0:00:41]} 30. Nd3
{[%clk 0:01:16]} Qc3 {[%clk 0:00:59]} 31. Rf2 {[%clk 0:00:35]} Bh6
{[%clk 0:00:54]} 32. Ne4 {[%clk 0:00:38]} fxe4 {[%clk 0:00:34]} 33. Qxc2
{[%clk 0:01:06]} Qxc2 {[%clk 0:00:59]} 34. Rxc2 {[%clk 0:01:31]} exd3
{[%clk 0:01:27]} 35. Rc3 {[%clk 0:01:44]} d2 {[%clk 0:01:31]} 36. Be2
{[%clk 0:01:54]} Ba2 {[%clk 0:01:24]} 37. Rd1 {[%clk 0:01:44]} Rd7
{[%clk 0:00:32]} 38. Kg1 {[%clk 0:02:05]} Kf8 {[%clk 0:00:32]} 39. Kf2
{[%clk 0:02:24]} Bd5 {[%clk 0:00:32]} 40. g3 {[%clk 0:00:52]} Bc6
{[%clk 0:01:01]} 41. Rb1 {[%clk 0:00:46]} e4 {[%clk 0:00:55]} 42. fxe4
{[%clk 0:00:39]} Bxe4 {[%clk 0:01:24]} 43. Rb4 {[%clk 0:00:33]} Rf7+
{[%clk 0:00:50]} 44. Kg1 {[%clk 0:00:51]} Bc6 {[%clk 0:01:16]} 45. Rd3
{[%clk 0:00:43]} Re7 {[%clk 0:01:03]} 46. Kf2 {[%clk 0:01:09]} Rf7+
{[%clk 0:01:09]} 47. Kg1 {[%clk 0:01:36]} Re7 {[%clk 0:00:32]} 48. Kf2
{[%clk 0:01:56]} Rf7+ {[%clk 0:00:31]} 49. Kg1  1/2-1/2

[Event "Iranian Men Championship Final 1399"]
[Site "Tehran"]
[Date "2021.04.07"]
[Round "5"]
[Board "7"]
[White "Jahedi, Mani"]
[Black "Idani, Pouya"]
[Result "0-1"]
[WhiteElo "2201"]
[BlackElo "2588"]
[PlyCount "0"]
[EventDate "2021.04.05"]
[EventRounds "15"]
[EventCountry "IRI"]

1. e4 {[%clk 1:25:47]} c5 {[%clk 1:30:54]} 2. Nf3 {[%clk 1:25:40]} e6
{[%clk 1:31:19]} 3. d4 {[%clk 1:23:56]} cxd4 {[%clk 1:31:38]} 4. Nxd4
{[%clk 1:24:22]} Nc6 {[%clk 1:32:03]} 5. Nc3 {[%clk 1:23:14]} Qc7
{[%clk 1:32:27]} 6. g3 {[%clk 1:21:11]} a6 {[%clk 1:32:14]} 7. Bg2
{[%clk 1:20:56]} Nf6 {[%clk 1:25:40]} 8. O-O {[%clk 1:20:31]} Nxd4
{[%clk 1:25:08]} 9. Qxd4 {[%clk 1:20:53]} Bc5 {[%clk 1:25:34]} 10. Qd3
{[%clk 1:20:41]} Ng4 {[%clk 1:21:41]} 11. Qe2 {[%clk 1:09:09]} Ne5
{[%clk 1:21:49]} 12. Bf4 {[%clk 1:08:30]} d6 {[%clk 1:20:44]} 13. Rac1
{[%clk 0:57:16]} b5 {[%clk 1:19:05]} 14. Nb1 {[%clk 0:57:32]} O-O
{[%clk 1:18:19]} 15. Nd2 {[%clk 0:57:42]} a5 {[%clk 1:11:08]} 16. c4
{[%clk 0:36:09]} Nxc4 {[%clk 1:02:49]} 17. e5 {[%clk 0:28:34]} d5
{[%clk 1:01:56]} 18. Nb1 {[%clk 0:14:18]} Qe7 {[%clk 0:52:39]} 19. b3
{[%clk 0:07:07]} Nb6 {[%clk 0:52:04]} 20. Qxb5 {[%clk 0:06:23]} Nd7
{[%clk 0:52:04]} 21. Rfe1 {[%clk 0:03:48]} Ba6 {[%clk 0:49:14]} 22. Qa4
{[%clk 0:00:33]} Rfb8 {[%clk 0:47:44]} 23. Bd2 {[%clk 0:00:51]} Bb4
{[%clk 0:46:34]} 24. Bf1 {[%clk 0:01:07]} Bxf1 {[%clk 0:44:53]} 25. Kxf1
{[%clk 0:01:22]} Nc5 {[%clk 0:45:09]} 26. Bxb4 {[%clk 0:00:42]} axb4
{[%clk 0:45:28]}  0-1

[Event "Iranian Men Championship Final 1399"]
[Site "Tehran"]
[Date "2021.04.07"]
[Round "5"]
[Board "8"]
[White "Mosadeghpour, Masoud"]
[Black "Gholami, Aryan"]
[Result "1/2-1/2"]
[WhiteElo "2498"]
[BlackElo "2507"]
[PlyCount "0"]
[EventDate "2021.04.05"]
[EventRounds "15"]
[EventCountry "IRI"]

1. Nf3 {[%clk 1:25:23]} c5 {[%clk 1:29:36]} 2. g3 {[%clk 1:25:42]} g6
{[%clk 1:29:44]} 3. Bg2 {[%clk 1:25:06]} Bg7 {[%clk 1:30:04]} 4. d4
{[%clk 1:25:03]} cxd4 {[%clk 1:30:22]} 5. Nxd4 {[%clk 1:25:28]} Nc6
{[%clk 1:30:43]} 6. c3 {[%clk 1:18:17]} Nf6 {[%clk 1:27:25]} 7. O-O
{[%clk 1:18:22]} d5 {[%clk 1:23:24]} 8. Nb3 {[%clk 1:18:20]} O-O {[%clk 1:22:32]}
9. Bg5 {[%clk 1:14:22]} Ne4 {[%clk 1:19:09]} 10. Be3 {[%clk 1:13:37]} e6
{[%clk 1:10:43]} 11. N1d2 {[%clk 1:10:20]} Nd6 {[%clk 1:10:20]} 12. Qc1
{[%clk 0:48:25]} b6 {[%clk 1:08:27]} 13. c4 {[%clk 0:10:35]} Bb7 {[%clk 1:02:29]}
14. cxd5 {[%clk 0:05:34]} exd5 {[%clk 1:02:31]} 15. Bxd5 {[%clk 0:03:04]} Rc8
{[%clk 1:02:40]} 16. Qd1 {[%clk 0:02:44]} Nf5 {[%clk 0:58:15]} 17. Ne4
{[%clk 0:02:54]} Nxe3 18. fxe3 {[%clk 0:03:23]} Qe7 {[%clk 0:58:13]} 19. Nd6
{[%clk 0:03:20]} Nb4 {[%clk 0:47:50]} 20. Nxb7 {[%clk 0:01:57]} Nxd5
{[%clk 0:35:00]} 21. Qxd5 {[%clk 0:02:25]} Rc7 {[%clk 0:35:22]} 22. Nd6
{[%clk 0:02:29]} Rd7 {[%clk 0:34:43]} 23. Rxf7 {[%clk 0:00:42]} Rxf7
{[%clk 0:35:04]} 24. Qxf7+ {[%clk 0:01:07]} Qxf7 {[%clk 0:35:30]} 25. Nxf7
{[%clk 0:01:33]} Kxf7 {[%clk 0:35:54]} 26. Nd4 {[%clk 0:01:26]} Bxd4
{[%clk 0:36:03]} 27. exd4 {[%clk 0:01:55]} Rxd4 {[%clk 0:36:26]} 28. Kf2
{[%clk 0:02:11]} Rd2 {[%clk 0:33:22]} 29. Rb1 {[%clk 0:02:41]} Ke6
{[%clk 0:33:45]} 30. Ke3 {[%clk 0:02:45]} Rc2 {[%clk 0:34:07]} 31. Kd3
{[%clk 0:02:56]} Rc5 {[%clk 0:34:31]} 32. e4 {[%clk 0:01:53]} Rc7
{[%clk 0:32:09]} 33. Rf1 {[%clk 0:01:50]} Rd7+ {[%clk 0:32:34]} 34. Ke3
{[%clk 0:01:58]} Rc7 {[%clk 0:33:00]} 35. h4 {[%clk 0:00:35]} Rc2
{[%clk 0:33:17]} 36. Rf2 {[%clk 0:01:05]} Rc1 {[%clk 0:33:40]} 37. Kf4
{[%clk 0:00:38]} h6 {[%clk 0:32:50]} 38. Rf3 {[%clk 0:00:36]} Rc2
{[%clk 0:31:30]} 39. Ra3 {[%clk 0:01:05]} Rf2+ {[%clk 0:31:35]} 40. Ke3
{[%clk 0:00:48]} Rxb2 {[%clk 0:31:58]} 41. Rxa7 {[%clk 0:01:17]} Ke5
{[%clk 0:32:08]} 42. Re7+ {[%clk 0:00:47]} Kf6 {[%clk 0:32:32]} 43. Ra7
{[%clk 0:00:34]} Ke5 {[%clk 0:32:59]} 44. Kf3 {[%clk 0:00:34]} h5
{[%clk 0:28:22]} 45. Ra3 {[%clk 0:00:32]} Rb1 {[%clk 0:27:39]} 46. Rb3
{[%clk 0:00:34]} Rf1+ {[%clk 0:28:03]} 47. Ke3 {[%clk 0:00:31]} Re1+
{[%clk 0:28:27]} 48. Kf3 {[%clk 0:00:36]} Rf1+ {[%clk 0:28:52]} 49. Ke2
{[%clk 0:00:48]} Ra1 {[%clk 0:29:14]} 50. Rxb6 {[%clk 0:00:32]} Rxa2+
{[%clk 0:29:32]} 51. Kf3 {[%clk 0:00:37]} Ra3+ {[%clk 0:29:35]} 52. Kg2
{[%clk 0:01:04]} Kxe4 {[%clk 0:29:18]} 53. Rxg6 {[%clk 0:01:32]} Ra5
{[%clk 0:29:38]} 54. Kh3 {[%clk 0:01:31]} Rb5 {[%clk 0:29:53]} 55. Rg7
{[%clk 0:00:38]} Ra5 {[%clk 0:30:09]} 56. Rf7 {[%clk 0:00:43]} Rb5
{[%clk 0:30:23]} 57. Rf4+ {[%clk 0:00:34]} Ke3 {[%clk 0:30:40]} 58. Ra4
{[%clk 0:00:51]} Kf3 {[%clk 0:30:30]} 59. Ra3+ {[%clk 0:00:46]} Ke4
{[%clk 0:30:56]} 60. g4 {[%clk 0:01:08]} hxg4+ {[%clk 0:31:11]} 61. Kxg4
{[%clk 0:01:37]} Rb1 {[%clk 0:31:25]} 62. Ra5 {[%clk 0:01:42]} Rg1+
{[%clk 0:28:52]} 63. Kh5 {[%clk 0:02:11]} Rg8 {[%clk 0:28:48]} 64. Rg5
{[%clk 0:02:11]} Rh8+ {[%clk 0:29:11]} 65. Kg4 {[%clk 0:02:40]} Rf8
{[%clk 0:29:21]} 66. Rg6 {[%clk 0:01:03]} Ke5 {[%clk 0:29:18]} 67. h5
{[%clk 0:01:17]} Rf1 {[%clk 0:29:18]} 68. Kg5 {[%clk 0:01:35]} Rg1+
{[%clk 0:29:09]} 69. Kh6 {[%clk 0:02:01]} Rh1 {[%clk 0:29:35]} 70. Ra6
{[%clk 0:01:38]} Kf5 {[%clk 0:29:57]} 71. Rb6 {[%clk 0:01:58]} Rh2
{[%clk 0:30:21]} 72. Rb1 {[%clk 0:01:54]} Kf6 {[%clk 0:29:26]} 73. Rf1+
{[%clk 0:02:17]} Ke7 {[%clk 0:29:52]} 74. Kg6 {[%clk 0:02:44]} Rg2+
{[%clk 0:30:17]} 75. Kh7 {[%clk 0:02:50]} Rh2 {[%clk 0:30:40]} 76. h6
{[%clk 0:02:59]} Rg2 {[%clk 0:31:00]} 77. Ra1 {[%clk 0:02:58]} Kf7
{[%clk 0:30:37]} 78. Ra7+ {[%clk 0:03:10]} Kf8 {[%clk 0:30:20]} 79. Rg7
{[%clk 0:02:58]} Rh2 {[%clk 0:30:44]} 80. Rg5 {[%clk 0:03:14]} Kf7
{[%clk 0:30:59]} 81. Rf5+ {[%clk 0:03:32]} Ke7 {[%clk 0:30:52]} 82. Kg7
{[%clk 0:03:34]} Rg2+ {[%clk 0:31:14]} 83. Kh8 {[%clk 0:04:00]} Rg3
{[%clk 0:31:32]} 84. Ra5 {[%clk 0:03:52]} Kf7 {[%clk 0:30:49]} 85. Ra7+
{[%clk 0:04:12]} Kf8 {[%clk 0:30:54]} 86. Rg7 {[%clk 0:04:29]} Rh3
{[%clk 0:31:18]} 87. h7 {[%clk 0:04:46]} Rf3 {[%clk 0:31:17]} 88. Rg3
{[%clk 0:04:58]} Rxg3 {[%clk 0:31:37]}  1/2-1/2

[Event "Iranian Men Championship Final 1399"]
[Site "Tehran"]
[Date "2021.04.08"]
[Round "6"]
[Board "1"]
[White "Hakemi, Arman"]
[Black "Gholami, Aryan"]
[Result "0-1"]
[WhiteElo "2316"]
[BlackElo "2507"]
[PlyCount "0"]
[EventDate "2021.04.05"]
[EventRounds "15"]
[EventCountry "IRI"]

1. d4 {[%clk 1:28:02]} Nf6 {[%clk 1:30:52]} 2. c4 {[%clk 1:28:23]} e6
{[%clk 1:31:13]} 3. Nf3 {[%clk 1:28:40]} d5 {[%clk 1:31:37]} 4. g3
{[%clk 1:29:02]} Be7 {[%clk 1:32:02]} 5. Bg2 {[%clk 1:29:27]} O-O
{[%clk 1:32:26]} 6. O-O {[%clk 1:29:52]} dxc4 {[%clk 1:32:51]} 7. Qc2
{[%clk 1:30:12]} a6 {[%clk 1:33:15]} 8. a4 {[%clk 1:29:10]} Bd7 {[%clk 1:33:38]}
9. Rd1 {[%clk 1:29:32]} Bc6 {[%clk 1:33:12]} 10. Nc3 {[%clk 1:29:55]} Bxf3
{[%clk 1:33:27]} 11. Bxf3 {[%clk 1:30:18]} Nc6 {[%clk 1:33:52]} 12. Bxc6
{[%clk 1:30:37]} bxc6 13. a5 Rb8 {[%clk 1:30:15]} 14. Ra4 {[%clk 1:29:47]} Rb4
{[%clk 1:30:41]} 15. Na2 {[%clk 1:30:02]} Rxa4 {[%clk 1:30:59]} 16. Qxa4
{[%clk 1:30:26]} Qd5 {[%clk 1:21:20]} 17. Nc3 {[%clk 1:30:45]} Qh5
{[%clk 1:20:11]} 18. Qxc6 {[%clk 1:17:10]} Ng4 19. h4 Qxa5 {[%clk 1:08:02]} 20.
Qxc4 {[%clk 1:13:32]} h5 21. Ne4 {[%clk 0:32:17]} Rb8 {[%clk 0:45:44]} 22. Qc2
Qb6 {[%clk 0:38:13]} 23. Bg5 {[%clk 0:19:05]} Bd6 {[%clk 0:34:08]} 24. Rd2 e5
{[%clk 0:29:50]} 25. dxe5 {[%clk 0:10:11]} Bxe5 {[%clk 0:20:40]} 26. Qc5
{[%clk 0:08:00]} Qe6 {[%clk 0:18:36]} 27. f3 {[%clk 0:07:45]} Bxb2 28. Qxc7
{[%clk 0:03:39]} Qe5 {[%clk 0:17:17]} 29. Qc6 Bd4+ {[%clk 0:15:37]} 30. Kg2
{[%clk 0:03:31]} Ne3+ {[%clk 0:15:38]} 31. Bxe3 {[%clk 0:03:54]} Bxe3
{[%clk 0:16:04]} 32. Rd3 Bb6 {[%clk 0:13:18]} 33. Qc4 {[%clk 0:03:36]} Qa1
{[%clk 0:13:04]} 34. e3 Qb2+ {[%clk 0:12:30]} 35. Rd2 {[%clk 0:03:12]} Qb5
{[%clk 0:12:54]} 36. Qxb5 {[%clk 0:01:42]} axb5 {[%clk 0:13:20]} 37. Kf2 b4 38.
Rb2 {[%clk 0:02:29]} f5 {[%clk 0:08:54]} 39. Nd6 {[%clk 0:02:36]} g6
{[%clk 0:09:18]} 40. Nc4 {[%clk 0:03:02]} Bc7 {[%clk 0:09:31]} 41. f4 Bd8 42. Kf3
{[%clk 0:02:15]} Bf6 {[%clk 0:09:24]} 43. Rb3 Bc3 {[%clk 0:08:49]} 44. e4
{[%clk 0:03:02]} Kf7 {[%clk 0:08:43]} 45. Ne3 fxe4+ {[%clk 0:08:04]} 46. Kxe4
{[%clk 0:03:37]} Re8+ {[%clk 0:08:27]} 47. Kd3 {[%clk 0:02:41]} Rd8+
{[%clk 0:08:47]} 48. Kc4 {[%clk 0:01:59]} Rd4+ {[%clk 0:07:26]} 49. Kb5
{[%clk 0:01:01]} Ke6 {[%clk 0:06:56]} 50. Nc4 {[%clk 0:00:33]} Rd3
{[%clk 0:06:25]} 51. Ne5 {[%clk 0:00:54]} Rxg3 {[%clk 0:06:41]} 52. Nc6
{[%clk 0:01:23]} Rg4 {[%clk 0:06:36]} 53. Nxb4 Bxb4 {[%clk 0:07:27]} 54. Rxb4
{[%clk 0:01:59]} Ke5  0-1

[Event "Iranian Men Championship Final 1399"]
[Site "Tehran"]
[Date "2021.04.08"]
[Round "6"]
[Board "2"]
[White "Idani, Pouya"]
[Black "Mosadeghpour, Masoud"]
[Result "1-0"]
[WhiteElo "2588"]
[BlackElo "2498"]
[PlyCount "0"]
[EventDate "2021.04.05"]
[EventRounds "15"]
[EventCountry "IRI"]

1. e4 {[%clk 1:30:58]} e5 {[%clk 1:22:58]} 2. Nf3 {[%clk 1:31:22]} Nc6
{[%clk 1:23:10]} 3. Bb5 {[%clk 1:31:47]} a6 {[%clk 1:23:27]} 4. Ba4
{[%clk 1:32:12]} Nf6 {[%clk 1:23:49]} 5. O-O {[%clk 1:32:34]} Be7
{[%clk 1:24:05]} 6. d3 {[%clk 1:32:19]} d6 {[%clk 1:23:41]} 7. c3
{[%clk 1:31:12]} O-O {[%clk 1:24:03]} 8. Re1 {[%clk 1:31:04]} b5 {[%clk 1:15:46]}
9. Bc2 {[%clk 1:31:28]} Bb7 {[%clk 1:15:10]} 10. Nbd2 {[%clk 1:31:48]} Re8
{[%clk 1:13:09]} 11. d4 {[%clk 1:31:55]} Bf8 {[%clk 1:10:44]} 12. d5
{[%clk 1:29:18]} Ne7 {[%clk 1:09:50]} 13. b3 {[%clk 1:28:54]} c6 {[%clk 1:05:44]}
14. c4 {[%clk 1:29:11]} cxd5 {[%clk 1:05:35]} 15. cxd5 {[%clk 1:29:03]} Rc8
{[%clk 1:05:56]} 16. Nf1 {[%clk 1:23:35]} Qc7 {[%clk 1:01:58]} 17. Ne3
{[%clk 1:23:43]} g6 {[%clk 0:58:18]} 18. Bd2 {[%clk 1:22:43]} Bg7
{[%clk 0:54:57]} 19. a4 {[%clk 1:19:07]} Nxe4 {[%clk 0:39:50]} 20. Bxe4
{[%clk 1:19:01]} f5 {[%clk 0:40:18]} 21. Rc1 {[%clk 1:06:55]} Qd7
{[%clk 0:32:11]} 22. Bc2 {[%clk 1:02:06]} f4 {[%clk 0:27:59]} 23. Nf1
{[%clk 1:01:51]} Bxd5 {[%clk 0:25:07]} 24. Bb4 {[%clk 0:59:43]} Rc6
{[%clk 0:03:55]} 25. axb5 {[%clk 0:55:32]} axb5 {[%clk 0:04:24]} 26. N1d2
{[%clk 0:33:32]} Rec8 {[%clk 0:03:39]} 27. Ne4 {[%clk 0:30:54]} Bxe4
{[%clk 0:03:43]} 28. Rxe4 {[%clk 0:31:19]} Qc7 {[%clk 0:01:48]} 29. Re2
{[%clk 0:30:58]} Nf5 {[%clk 0:01:20]} 30. h3 {[%clk 0:27:36]} Bf6
{[%clk 0:00:56]} 31. Qd3 {[%clk 0:20:59]} Kg7 {[%clk 0:00:56]} 32. Kh2
{[%clk 0:21:01]} Nh4 {[%clk 0:00:32]} 33. Nxh4 {[%clk 0:19:08]} Bxh4
{[%clk 0:01:01]} 34. Rd1 {[%clk 0:18:53]} f3 {[%clk 0:00:33]} 35. Qxf3
{[%clk 0:13:45]} Rxc2 {[%clk 0:01:02]} 36. Bxd6 {[%clk 0:11:47]} Qf7
{[%clk 0:01:31]} 37. Bxe5+ {[%clk 0:11:48]} Kg8 {[%clk 0:01:08]} 38. Rxc2
{[%clk 0:12:02]} Rxc2 {[%clk 0:01:29]} 39. Qa8+ {[%clk 0:10:13]} Qf8
{[%clk 0:01:58]} 40. Qd5+ {[%clk 0:10:34]} Qf7 {[%clk 0:02:27]} 41. Qxb5
{[%clk 0:10:02]} Rxf2 {[%clk 0:02:46]} 42. Qc6 {[%clk 0:07:49]} Bf6
{[%clk 0:01:22]} 43. Qc8+ {[%clk 0:06:36]} Kg7 {[%clk 0:01:36]} 44. Bg3
{[%clk 0:05:12]} Re2 {[%clk 0:01:59]} 45. Rd7 {[%clk 0:05:01]} Re7
{[%clk 0:02:10]} 46. Rxe7 {[%clk 0:05:11]} Bxe7 {[%clk 0:00:44]} 47. Qd7
{[%clk 0:05:04]} h5 {[%clk 0:00:35]} 48. b4 {[%clk 0:05:06]} Qf6 {[%clk 0:00:32]}
49. Qd5 {[%clk 0:04:22]} Kh6 {[%clk 0:00:40]} 50. b5 {[%clk 0:04:22]} h4
{[%clk 0:00:59]} 51. Bc7 {[%clk 0:04:07]} Qf2 {[%clk 0:00:32]} 52. Qe5
{[%clk 0:03:58]}  1-0